| 000 | 00000nam 2200000zi 4500 |
| 001 | 9.941065 |
| 003 | CaOODSP |
| 005 | 20240726112909 |
| 006 | m o d f |
| 007 | cr |n||||||||| |
| 008 | 240725e20210609onc o f000 0 eng d |
| 040 | |aCaOODSP|beng|erda|cCaOODSP |
| 043 | |an-cn--- |
| 086 | 1 |aPS84-248/2021E-PDF |
| 245 | 00|aAudit of the National Infrastructure Contribution Program / |cInternal Audit Sector. |
| 264 | 1|a[Ottawa] : |bCorrectional Service Canada = Service correctionnel Canada, |cJune 9, 2021. |
| 300 | |a1 online resource (29 pages) |
| 336 | |atext|btxt|2rdacontent |
| 337 | |acomputer|bc|2rdamedia |
| 338 | |aonline resource|bcr|2rdacarrier |
| 500 | |aIssued also in French under title: Audit du Programme national de contribution en matière d’infrastructure. |
| 610 | 20|aCorrectional Service Canada|xAuditing. |
| 650 | 0|aCapital investments|zCanada|xAuditing. |
| 710 | 2 |aCorrectional Service Canada. |bInternal Audit Sector, |eissuing body. |
| 775 | 08|tAudit du Programme national de contribution en matière d’infrastructure / |w(CaOODSP)9.941117 |
| 856 | 40|qPDF|s416 KB|uhttps://publications.gc.ca/collections/collection_2024/scc-csc/PS84-248-2021-eng.pdf |
| 856 | 4 |qHTML|sN/A|uhttps://www.canada.ca/en/correctional-service/corporate/transparency/audits-evaluations/national-infrastructure-contribution-program.html |